Multiway contingency tables analysis for the social sciences / (Record no. 25989)

MARC details
000 -LEADER
fixed length control field 01160pam a2200301 a 4500
001 - CONTROL NUMBER
control field 1509791
003 - CONTROL NUMBER IDENTIFIER
control field OSt
005 - DATE AND TIME OF LATEST TRANSACTION
control field 20220104135712.0
008 - FIXED-LENGTH DATA ELEMENTS--GENERAL INFORMATION
fixed length control field 890518s1989 njua b 001 0 eng
010 ## - LIBRARY OF CONGRESS CONTROL NUMBER
LC control number 89034824
020 ## - INTERNATIONAL STANDARD BOOK NUMBER
International Standard Book Number 0805803777 :
Terms of availability $24.95
020 ## - INTERNATIONAL STANDARD BOOK NUMBER
International Standard Book Number 0805803785 (pbk.)
040 ## - CATALOGING SOURCE
Original cataloging agency DLC
Transcribing agency HU
Modifying agency DLC
050 00 - LIBRARY OF CONGRESS CALL NUMBER
Classification number HA29
Item number .W5134 1989
082 00 - DEWEY DECIMAL CLASSIFICATION NUMBER
Classification number 300/.01/51
Edition number 20
100 1# - MAIN ENTRY--PERSONAL NAME
Personal name Wickens, Thomas D.,
Dates associated with a name 1942-
9 (RLIN) 9918
245 10 - TITLE STATEMENT
Title Multiway contingency tables analysis for the social sciences /
Statement of responsibility, etc. Thomas D. Wickens.
260 ## - PUBLICATION, DISTRIBUTION, ETC.
Place of publication, distribution, etc. Hillsdale, N.J. :
Name of publisher, distributor, etc. Lawrence Erlbaum Associates,
Date of publication, distribution, etc. 1989.
300 ## - PHYSICAL DESCRIPTION
Extent xi, 426 p. :
Other physical details ill. ;
Dimensions 24 cm.
504 ## - BIBLIOGRAPHY, ETC. NOTE
Bibliography, etc. note Includes bibliographical references (p. 403-414) and indexes.
650 #0 - SUBJECT ADDED ENTRY--TOPICAL TERM
Topical term or geographic name entry element Social sciences
General subdivision Statistical methods.
9 (RLIN) 3177
650 #0 - SUBJECT ADDED ENTRY--TOPICAL TERM
Topical term or geographic name entry element Contingency tables.
9 (RLIN) 7625
650 #0 - SUBJECT ADDED ENTRY--TOPICAL TERM
Topical term or geographic name entry element Mathematical statistics.
9 (RLIN) 3113
856 42 - ELECTRONIC LOCATION AND ACCESS
Materials specified Publisher description
Uniform Resource Identifier <a href="http://www.loc.gov/catdir/enhancements/fy0742/89034824-d.html">http://www.loc.gov/catdir/enhancements/fy0742/89034824-d.html</a>
906 ## - LOCAL DATA ELEMENT F, LDF (RLIN)
a 7
b cbc
c orignew
d 1
e ocip
f 19
g y-gencatlg
942 ## - ADDED ENTRY ELEMENTS (KOHA)
Source of classification or shelving scheme Dewey Decimal Classification
Koha item type Books like text book referance book
Suppress in OPAC No
Holdings
Withdrawn status Lost status Source of classification or shelving scheme Damaged status Not for loan Collection code Home library Current library Shelving location Date acquired Total Checkouts Full call number Barcode Date last seen Copy number Price effective from Koha item type
    Dewey Decimal Classification     Reference Wondo Genet Library Wondo Genet Library General Stacks 01/04/2022   300.01'51 WIC 1989 WGCFNRL000100010086 01/04/2022 1 01/04/2022 Books like text book referance book